Bệnh ngã nước trâu bò
Tallennettuna:
| Päätekijä: | |
|---|---|
| Aineistotyyppi: | Kirja |
| Kieli: | Undetermined |
| Julkaistu: |
Hà Nội
Nông Nghiệp
2004
|
| Aiheet: | |
| Tagit: |
Lisää tagi
Ei tageja, Lisää ensimmäinen tagi!
|
| Thư viện lưu trữ: | Trung tâm Học liệu Trường Đại học Cần Thơ |
|---|
| LEADER | 00591nam a2200205Ia 4500 | ||
|---|---|---|---|
| 001 | CTU_92407 | ||
| 008 | 210402s9999 xx 000 0 und d | ||
| 020 | |c 18000 | ||
| 082 | |a 636.2089 | ||
| 082 | |b L121 | ||
| 100 | |a Phan, Địch Lân | ||
| 245 | 0 | |a Bệnh ngã nước trâu bò | |
| 245 | 0 | |c Phan Địch Lân | |
| 260 | |a Hà Nội | ||
| 260 | |b Nông Nghiệp | ||
| 260 | |c 2004 | ||
| 650 | |a Cattle,Cattle,Cattle,Veterinary medicine | ||
| 650 | |x Diseases,Epidemiology,Parasites | ||
| 904 | |i Mai Loan | ||
| 980 | |a Trung tâm Học liệu Trường Đại học Cần Thơ | ||